| 000 | 00388 a2200169 4500 | ||
|---|---|---|---|
| 001 | 69721 | ||
| 020 | _a8526041788 | ||
| 040 | _cAnchieta - Itaigara | ||
| 100 | _aRoger, Marie-Sabine | ||
| 240 | 1 | 0 |
_aA garrafinha de turbulão _lpor |
| 245 | 1 | 0 | _aA garrafinha de turbulão |
| 300 | _a48 | ||
| 362 | 0 | _a2002 | |
| 440 | 1 | _aScipione | |
| 650 | 4 | _aLiteratura infanto-juvenil | |
| 942 | _cBK | ||
| 999 |
_c69721 _d69721 |
||